Účtovná závierka ako zdroj informácií pre finančno-ekonomickú analýzu diplomová práca

Salvato in:
Dettagli Bibliografici
Autore principale: Köböl, Tamás
Ente Autore: Podnikovohospodárska fakulta EU so sídlom v Košiciach. Katedra finančného riadenia podniku
Altri autori: Manová, Eva, 1957-
Natura: Libro
Lingua:slovacco
Pubblicazione: Košice 2018
Tags: Aggiungi Tag
Nessun Tag, puoi essere il primo ad aggiungerne!!

MARC

LEADER 00000nbm a2200000 4500
001 0244160
005 20181019145849.0
041 0 |a slo 
044 |a SK 
245 1 0 |a Účtovná závierka ako zdroj informácií pre finančno-ekonomickú analýzu  |b diplomová práca  |c Tamás Köböl ; školiteľ: Eva Manová 
264 1 |a Košice  |c 2018 
300 |a 79 s. 
100 1 |a Köböl, Tamás 
700 1 |a Manová, Eva, 1957- 
710 2 |a Podnikovohospodárska fakulta EU so sídlom v Košiciach. Katedra finančného riadenia podniku